Ética : (Record no. 874)

MARC details
000 -LÍDER
Campo Fixo de Controle 00782nam a2200265 a 4500
001 - NÚMERO DE CONTROLE
Campo de Controle 874
003 - IDENTIFICAÇÃO DO NÚMERO DE CONTROLE
Campo de Controle BR-CuiBMT
005 - DATA E HORA DA ÚLTIMA ATUALIZAÇÃO
Campo de Controle 20231128200321.0
008 - DADOS FIXOS
Dados Fixos 231102s2006 spb 001 0 por d
020 ## - INTERNATIONAL STANDARD BOOK NUMBER
Nº do ISBN 9788535908237
040 ## - AGÊNCIA CATALOGADORA
Código da Agência Catalogadora BR-CuiBMT
Agência que transcreveu o registro BR-CuiBMT
080 ## - Nº DA CLASSIFICAÇÃO DECIMAL UNIVERSAL
Nº edição CDU 2007
Nº Class. CDU 17
090 ## - NÚMERO DE CHAMADA
Nº classificação 17
Cutter C737e
Ano/Edição 3. ed.
100 1# - ENTRADA PRINCIPAL -- AUTOR PESSOAL
Nome pessoal Comparato, Fábio Konder,
Datas associadas ao nome 1936-
245 10 - TÍTULO PRINCIPAL
Título principal Ética :
Subtítulo direito, moral e religião no mundo moderno /
Indicação de responsabilidade Fábio Konder Comparato.
250 ## - EDIÇÃO
Edição 3. ed., rev.
260 ## - PUBLICAÇÃO, DISTRIBUIÇÃO, ETC.
Local de publicação São Paulo :
Editora Companhia das Letras,
Data c2006.
300 ## - DESCRIÇÃO FÍSICA
N. páginas ou volumes 718 p. ;
Dimensões 23 cm
504 ## - NOTA DE BIBLIOGRAFIA, ETC.
Nota de bibliografia Inclui bibliografia e índice.
650 ## - ASSUNTO TÓPICO
Cabeçalho tópico ou nome geográfico Ética
650 ## - ASSUNTO TÓPICO
Cabeçalho tópico ou nome geográfico Direito
Subdivisão de forma Aspectos éticos
650 ## - ASSUNTO TÓPICO
Cabeçalho tópico ou nome geográfico Religião
Subdivisão de forma Aspectos éticos
650 ## - ASSUNTO TÓPICO
Cabeçalho tópico ou nome geográfico Moralidade (Ética)
942 ## - ELEMENTOS DE ENTRADA ADICIONAIS (KOHA)
Fonte de classificação ou esquema de arquivamento Classificação Decimal Universal
Tipo de item do Koha Livros
Holdings
Estado: removido Estado: perdido Fonte de classificação ou esquema de arquivamento Estado: danificado Indisponível para empréstimo Localização permanente Localização atual Data de aquisição Total Checkouts Número de Chamada completo Código de barras Date last seen Número do exemplar Preço efetivo a partir de Tipo de item (Koha)
    Classificação Decimal Universal     Biblioteca da Escola Superior de Contas do TCE/MT Biblioteca da Escola Superior de Contas do TCE/MT 22/11/2023   17 C737e 3. ed. BIBTCEMT23110819 22/11/2023 Ex. 1 22/11/2023 Livros

Powered by Koha